00239nam a22000857a 4500008004100000082002100041245004400062260003400106300001300140230704b xxu||||| |||| 00| 0 eng d a341.08bFOL 1958 aDocuments on International Affairs 1955 bOxford University Pressc1958 aXIX,513p